1838 1446 1674 1619 1567 1748 1762 1747 1982 1053 1346 1619 1006 1468 1057 1431 1926 1185 1970 1669 1483 1691 1625 1233 1772 1891 1357 1140 1461 1625 1796 1414 1933 1320 1403 1437 1406 1130 1565 1637 1651 1454 1036 1372 1202 1016 1051 1719 1028 1886 1027 1317 1450 1464 1812 1351 1629 1470 1398 1161 1839 1599 1608 1874 1357 1067 1081 1818 1833 1546 1384 1107 1702 1677 1419 1701 1016 1147 1619 1260 1781 1360 1713 1395 1460 1190 1839 1857 1875 1640 1372 1552 1642 1012 1721 1235 1600 1364 1774 BCNSPRNW ULIB Ver.6.0+V

เปลี่ยนเป็นภาษาไทย

Change to English
 แสดงรายละเอียดบรรณานุกรม
  กลับหน้าหลัก

Brief Record : Get Marc (ISO 2709) : E-mail record : QR code < ปิดหน้าต่าง
LEADER : 00000nam 2200000uu 4500
001    13399110503
003     ULIB
008    110602s2007||||th 000 0 eng d
024    9781437717082
060  4 WY150^bL761i 2007
100 0  Linton, Adrianne Dill
245 00 Introduction to medical-surgical nursing/^cAdrianne Dill Linton
250    4th ed
260    St.Louis:^bElsevier Saunders,^c2007.
300    1422 p:^bill.
650  7 Nursing care
650  7 Nursing Process
945    ^p2600^l0^i029049
995    Kesorn
999    ^aใช้งานได้ทุกระบบ
รายการนี้ยังไม่มีแท็ก
คุณยังไม่ได้ล็อกอิน คุณสามารถมีกิจกรรมร่วมกับเว็บไซต์ได้ แต่ต้องล็อกอินก่อน ::
  ล็อกอิน

รายการสื่อสารสนเทศ

ลำดับที่ ประเภท เลขเรียก/บาร์โค้ด สถานที่ สถานะ
- ไม่พบข้อมูล -

รายการใกล้เคียง
    ผู้แต่ง [Linton, Adrianne Dill]

    หัวเรื่อง [Nursing care]
    หัวเรื่อง [Nursing Process]

BibComment


ยังไม่เคยถูกคอมเมนท์

คอมเมนท์ทรัพยากรรายการนี้
  คอมเมนท์: Introduction to m..


 Copyright 2026. Bcnsprnw @Library